00456 2200181 4500245005600000020001800056250001100074100001900085700001700104700001800121650001700139005001900156260003100175041001400206084001300220300003200233336000900265 aSong For My Sweet Home Vol. 3cFujimoto, YukihText a9786022108092 aCet. 1 aFujimoto, Yuki aYoke Yuliana aDewi Angraini aKomik Jepang a20230414115745 aJakartabPT Gramediac2012 aIndonesia a741.5592 a... jil. :bilus. ;c17 cm. atext